| 000 | 00749cam a2200241 i 4500 | ||
|---|---|---|---|
| 008 | |||
| 020 | _a9781859463734(pbk.) | ||
| 049 | _aMAIN | ||
| 050 | 0 | 0 |
_aNA2728 _bRAC |
| 100 | 1 | _aRace, Steve. | |
| 245 | 1 | 0 |
_aBim demystified : _ban architect's guide to Building Information Modelling/Management (BIM)/ _cSteve Race. |
| 250 | _a2nd edition. | ||
| 260 |
_aLondon : _bRiba Publishing, _cc2013. |
||
| 300 |
_a159 p. : _bill. ; _c25 cm. |
||
| 500 | _aIncludes index. | ||
| 650 | 0 |
_aArchitectural design _xComputer simulation. |
|
| 650 | 0 |
_aArchitectural drawing _xData processing. |
|
| 907 |
_a.b10369193 _b15-02-16 _c12-02-16 |
||
| 003 | |||
| 005 | 20231114130834.0 | ||
| 040 | _cNUST | ||
| 942 |
_cBOOKS _01 |
||
| 999 |
_c95903 _d95903 |
||